| 000 | 00535nam a2200145Ia 4500 | ||
|---|---|---|---|
| 008 | 200226s9999 xx 000 0 und d | ||
| 020 | _a978-81-7391-656-x | ||
| 100 | _aSharma, Shashi P. | ||
| 245 |
_cShashi P. Sharma.-- _aTourism education : _bprinciples, theories and practices / |
||
| 260 |
_aNew Delhi : _bKanishka Publishers, Distributors _c2017 |
||
| 300 |
_axii , 348 pages : _billustration ; _c21 cm. |
||
| 500 | _aIncludes bibliographical references and index. | ||
| 650 | _aTourism -- study and teaching. | ||
| 650 | _aTourism. | ||
| 999 |
_c362972 _d362972 |
||